| 000 | 00576nam a2200217Ia 4500 | ||
|---|---|---|---|
| 008 | 191130s2002##################000#0#eng## | ||
| 020 | _a9781580420631(pbk.) | ||
| 022 | _a2002101911 | ||
| 040 |
_aACL _cACL |
||
| 082 | _a795.27JEN | ||
| 100 | _aJensen, Marten | ||
| 245 |
_aBeat the slots _cMarten Jensen |
||
| 250 | _a1st ed | ||
| 260 |
_aBrooklyn, NY _bCardoza Publishing _cc2002 |
||
| 300 | _a144 p. : ill. ; 22 cm | ||
| 650 | _aGambling systems | ||
| 650 | _aSlot machines | ||
| 990 | _a8d068171ac10000c7aa9d7ecef17d548 | ||
| 991 | _a328681 | ||
| 999 |
_c112767 _d112767 |
||